Country Music - Statistics

General Stats
  • This quiz has been taken 44 times
  • The average score is 5 of 15
Answer Stats
Hint Answer % Correct
On the Road Again Willie Nelson
74%
Slow Hand Conway Twitty
71%
He Stopped Loving Her Today George Jones
66%
One Piece at a Time Johnny Cash
60%
Move it on Over Hank Williams
51%
All the Gold in California Larry Gatlin
37%
Silver Wings Merle Haggard
34%
Devil Woman Marty Robbins
29%
I've Been Everywhere Hank Snow
23%
Heartaches by the Number Ray Price
23%
Saginaw Michigan Lefty Frizzell
20%
Friday Night Blues John Conlee
17%
Chiseled in Stone Vern Gosden
17%
Wild Side of Life Hank Thompson
9%
The Tennessee Waltz Patti Page
9%
No matching quizzes found
Score Distribution
Percent of People with Each Score
Percentile by Number Answered
Your Score History
You have not taken this quiz